<?xml version="1.0" encoding="UTF-8"?><?xml-stylesheet type="text/xsl" href="static/style.xsl"?><OAI-PMH xmlns="http://www.openarchives.org/OAI/2.0/" xmlns:xsi="http://www.w3.org/2001/XMLSchema-instance" xsi:schemaLocation="http://www.openarchives.org/OAI/2.0/ http://www.openarchives.org/OAI/2.0/OAI-PMH.xsd"><responseDate>2026-04-17T01:34:08Z</responseDate><request verb="GetRecord" identifier="oai:www.recercat.cat:2117/87850" metadataPrefix="marc">https://recercat.cat/oai/request</request><GetRecord><record><header><identifier>oai:recercat.cat:2117/87850</identifier><datestamp>2025-07-22T22:24:02Z</datestamp><setSpec>com_2072_1033</setSpec><setSpec>col_2072_452951</setSpec></header><metadata><record xmlns="http://www.loc.gov/MARC21/slim" xmlns:dcterms="http://purl.org/dc/terms/" xmlns:xsi="http://www.w3.org/2001/XMLSchema-instance" xmlns:doc="http://www.lyncode.com/xoai" xsi:schemaLocation="http://www.loc.gov/MARC21/slim http://www.loc.gov/standards/marcxml/schema/MARC21slim.xsd">
   <leader>00925njm 22002777a 4500</leader>
   <datafield ind2=" " ind1=" " tag="042">
      <subfield code="a">dc</subfield>
   </datafield>
   <datafield ind2=" " ind1=" " tag="720">
      <subfield code="a">Sánchez Chito, Jose Iván</subfield>
      <subfield code="e">author</subfield>
   </datafield>
   <datafield ind2=" " ind1=" " tag="260">
      <subfield code="c">2016-05-10</subfield>
   </datafield>
   <datafield ind2=" " ind1=" " tag="520">
      <subfield code="a">El presente proyecto define las características generales de diseño y dimensionado de las&#xd;
instalaciones de un complejo deportivo, el cual contiene una escuela de natación y un gimnasio.&#xd;
Este complejo consta de: planta sótano, planta baja, planta primera y planta cubierta.&#xd;
En la planta sótano encontramos la zona de parking para vehículos y una zona destinada&#xd;
únicamente para el personal de mantenimiento constituida por: almacén, cuarto de limpieza y cuarto&#xd;
de residuos. En planta baja tenemos los servicios administrativos de la entidad, una tienda&#xd;
deportiva, piscina y dos zonas de vestuarios. En la planta primera encontramos el gimnasio junto&#xd;
con una pequeña cafetería, comedor y graderío. La planta cubierta no será accesible al público y&#xd;
únicamente contará con los aparatos necesarios para el funcionamiento de las instalaciones.&#xd;
Las instalaciones objeto de diseño y dimensionado son las siguientes:&#xd;
o Instalación de fontanería.&#xd;
o Instalación de energía solar térmica para producción de ACS.&#xd;
o Instalación de evacuación.&#xd;
o Instalación de gas natural.&#xd;
o Instalación contraincendios y alumbrado de emergencia.&#xd;
o Instalación de telecomunicaciones y vigilancia.&#xd;
o Instalación de climatización y ventilación.&#xd;
o Instalación de iluminación y electricidad.&#xd;
o Instalación de piscina.</subfield>
   </datafield>
   <datafield ind2=" " ind1=" " tag="520">
      <subfield code="a">ENGLISH: This project defines the main design and sizing features of the facilities of a sports complex which&#xd;
contains a swimming club and a gym. This sports complex consists of: basement, ground floor, first&#xd;
floor and roof floor.&#xd;
In the basement we find the parking and an area intended for maintenance staffl consisting of: a&#xd;
warehouse, a cleaning room and a rubbish room. On the ground floor we have the administrative&#xd;
services of the entity, a sports store, a swimming pool and two changing room’s areas. On the first&#xd;
floor we find the gym which includes a small coffee shop, a canteen and bleachers. The roof floor will&#xd;
not be accessible to the public and it will only have the necessary equipment to the installations&#xd;
running.&#xd;
The facilities of design and sizing are the following ones:&#xd;
o Plumbing installation.&#xd;
o Installation of Thermal Solar Energy for hot water production.&#xd;
o Drainage installation.&#xd;
o Natural gas installation.&#xd;
o Fire-fighting and emergency lighting installations.&#xd;
o Installation of telecommunication and monitoring.&#xd;
o Air conditioning and ventilation facilities.&#xd;
o Electricity and lighting installations.&#xd;
o Pool facility.</subfield>
   </datafield>
   <datafield tag="653" ind2=" " ind1=" ">
      <subfield code="a">Àrees temàtiques de la UPC::Edificació::Instal·lacions i acondicionament d'edificis</subfield>
   </datafield>
   <datafield tag="653" ind2=" " ind1=" ">
      <subfield code="a">Building fittings</subfield>
   </datafield>
   <datafield tag="653" ind2=" " ind1=" ">
      <subfield code="a">Sports facilities</subfield>
   </datafield>
   <datafield tag="653" ind2=" " ind1=" ">
      <subfield code="a">Edificis -- Instal·lacions -- Catalunya -- Barcelona</subfield>
   </datafield>
   <datafield tag="653" ind2=" " ind1=" ">
      <subfield code="a">Instal·lacions esportives -- Catalunya -- Barcelona</subfield>
   </datafield>
   <datafield ind2="0" ind1="0" tag="245">
      <subfield code="a">Desarrollo del proyecto ejecutivo de las instalaciones de un complejo deportivo</subfield>
   </datafield>
</record></metadata></record></GetRecord></OAI-PMH>